[Event "I. CLANSKA LIGA ZAHOD 2025"]
[Site "Komenda"]
[Date "2025.10.11"]
[Round "5.5"]
[White "Babarovic, Fran"]
[Black "Jakob, Matthias"]
[Result "1-0"]
[WhiteElo "1901"]
[BlackElo "1996"]
[PlyCount "105"]
[EventDate "2025.09.26"]
[WhiteTeam "SK KOMENDA"]
[BlackTeam "SK TRZIN"]

1. e4 c5 2. Nf3 Nc6 3. d4 cxd4 4. Nxd4 Nf6 5. Nc3 e5 6. Ndb5 d6 7. Nd5 Nxd5 8.
exd5 Ne7 9. c4 Ng6 10. Be3 a6 11. Nc3 Be7 12. Bd3 f5 13. Na4 O-O 14. Bb6 Qe8
15. Bc2 Bd8 16. b4 Bxb6 17. Nxb6 Rb8 18. Ba4 Qe7 19. c5 Rd8 20. Nc4 dxc5 21. d6
Qf7 22. bxc5 b5 23. c6 Be6 24. c7 Bxc4 25. cxb8=Q Rxb8 26. Bb3 Nf4 27. g3 Qb7
28. f3 Ne6 29. Bxc4 bxc4 30. O-O Rd8 31. Qb1 Qxb1 32. Raxb1 Rxd6 33. Rb8+ Kf7
34. Rc8 Rd2 35. Rf2 Rd1+ 36. Kg2 Rc1 37. Rb2 Nd4 38. Rc7+ Ke6 39. Ra7 c3 40.
Rxa6+ Kd5 41. Rf2 e4 42. fxe4+ fxe4 43. Rf8 e3 44. Rd8+ Kc5 45. Rc8+ Kb5 46.
Raa8 e2 47. Rab8+ Ka5 48. Ra8+ Kb4 49. Rab8+ Ka3 50. Rb6 Nb5 51. Rxb5 Kxa2 52.
Rb7 e1=N+ 53. Kh3 1-0

[Event "I. CLANSKA LIGA ZAHOD 2025"]
[Site "Komenda"]
[Date "2025.10.11"]
[Round "5.5"]
[White "Suhadolnik, Jernej"]
[Black "Perme, Martin"]
[Result "1/2-1/2"]
[WhiteElo "1887"]
[BlackElo "1836"]
[PlyCount "102"]
[EventDate "2025.09.26"]
[WhiteTeam "SK TRZIN"]
[BlackTeam "SK KOMENDA"]

1. b4 d5 2. Bb2 Nf6 3. Nf3 g6 4. e3 Bg7 5. c4 c6 6. Be2 O-O 7. Ne5 Be6 8. f4
Nbd7 9. d4 dxc4 10. Nxc4 Nd5 11. Qd2 N7f6 12. Bd3 Bf5 13. a3 Bxd3 14. Qxd3 Ng4
15. h3 b5 16. hxg4 bxc4 17. Qe2 a5 18. Kf2 axb4 19. Qxc4 bxa3 20. Rxa3 Qd6 21.
g3 Nb6 22. Qc2 Qd5 23. Rc1 Rfc8 24. Rxa8 Nxa8 25. Nc3 Qd7 26. g5 Nb6 27. Ne4
Qd5 28. Kf3 Bf8 29. Ba3 h6 30. Kf2 hxg5 31. Nxg5 Ra8 32. Qc3 Qa2+ 33. Bb2 Na4
34. Qxc6 Qxb2+ 35. Rc2 Qb3 36. f5 Qd3 37. g4 Ra6 38. Qc8 Nb6 39. Qc6 Nd5 40.
Qxd5 Qxc2+ 41. Kg3 e6 42. fxe6 Bd6+ 43. Kf3 Qd1+ 44. Kf2 Qc2+ 45. Kf3 Qc6 46.
exf7+ Kh8 47. Qxc6 Rxc6 48. Ne6 Be7 49. d5 Rd6 50. Ke4 Rxe6+ 51. dxe6 Kg7
1/2-1/2

[Event "I. CLANSKA LIGA ZAHOD 2025"]
[Site "Komenda"]
[Date "2025.10.11"]
[Round "5.5"]
[White "Hribar, Izak"]
[Black "Porenta, Matija"]
[Result "1/2-1/2"]
[WhiteElo "1706"]
[BlackElo "1831"]
[PlyCount "68"]
[EventDate "2025.09.26"]
[WhiteTeam "SK KOMENDA"]
[BlackTeam "SK TRZIN"]

1. e4 c5 2. Nf3 d6 3. d4 cxd4 4. Nxd4 Nf6 5. Nc3 a6 6. Be3 e5 7. Nf3 Be7 8. Bc4
b5 9. Bd5 Nxd5 10. Nxd5 Nd7 11. O-O Bb7 12. Re1 O-O 13. a4 Bxd5 14. Qxd5 Nf6
15. Qd3 Qd7 16. axb5 Qxb5 17. Qxb5 axb5 18. Bg5 Rfd8 19. h3 Kf8 20. Bxf6 Bxf6
21. Red1 Rxa1 22. Rxa1 d5 23. Rd1 d4 24. c3 dxc3 25. Rxd8+ Bxd8 26. bxc3 Ba5
27. Nxe5 Bxc3 28. Nd3 b4 29. Nc1 Ke7 30. Kf1 Kd6 31. Ke2 Kc5 32. Kd3 Bb2 33.
Nb3+ Kb5 34. f4 g6 1/2-1/2

[Event "I. CLANSKA LIGA ZAHOD 2025"]
[Site "Komenda"]
[Date "2025.10.11"]
[Round "5.5"]
[White "Offermann, Sebastian"]
[Black "Cimperman, Teo"]
[Result "1-0"]
[WhiteElo "1820"]
[BlackElo "1661"]
[PlyCount "87"]
[EventDate "2025.09.26"]
[WhiteTeam "SK TRZIN"]
[BlackTeam "SK KOMENDA"]

1. d4 Nf6 2. c4 g6 3. Nc3 Bg7 4. Nf3 O-O 5. Bg5 d6 6. e3 Nbd7 7. Be2 a5 8. O-O
c5 9. d5 h6 10. Bh4 Nb6 11. Qc2 Nh7 12. e4 g5 13. Bg3 f6 14. Bd3 Bg4 15. Nd2
Re8 16. e5 Nf8 17. e6 Bh5 18. h3 Bh8 19. f4 Kg7 20. fxg5 hxg5 21. h4 Kh6 22.
hxg5+ fxg5 23. Nde4 Bd4+ 24. Kh1 Nh7 25. Nb5 Rf8 26. Rxf8 Qxf8 27. Rf1 Qg7 28.
b3 Rh8 29. Nbxd6 exd6 30. Nxd6 Nf6 31. Nf5+ Kh7 32. Nxg7+ Kxg7 33. Qe2 Bg6+ 34.
Bh2 Ng4 35. g3 Rxh2+ 36. Qxh2 Nxh2 37. Kxh2 Bxd3 38. Rf7+ Kg6 39. d6 Bf6 40.
Rxb7 Nc8 41. d7 Nd6 42. Rb6 Nf5 43. e7 Nd4 44. e8=Q+ 1-0

[Event "I. CLANSKA LIGA ZAHOD 2025"]
[Site "Komenda"]
[Date "2025.10.12"]
[Round "6.1"]
[White "Skoberne, Jure"]
[Black "Jocev, Milan"]
[Result "1-0"]
[WhiteElo "2546"]
[BlackElo "2206"]
[PlyCount "119"]
[EventDate "2025.09.26"]
[WhiteTeam "SD POSOCJE"]
[BlackTeam "SK TRZIN"]

1. d4 d5 2. Nf3 Nf6 3. Bf4 Bf5 4. c4 dxc4 5. Qa4+ c6 6. Qxc4 Qb6 7. b3 Na6 8.
Bd2 e6 9. a3 Ne4 10. e3 Nd6 11. Qc1 c5 12. Nc3 Rc8 13. Qb2 c4 14. b4 Nc7 15.
Nh4 Bd3 16. Bxd3 cxd3 17. Qb3 Qc6 18. Nf3 Be7 19. O-O Qc4 20. Qb1 O-O 21. Ne5
Qa6 22. Qxd3 Ncb5 23. Rfc1 f6 24. Nd7 Nxc3 25. Qxa6 bxa6 26. Bxc3 Rfd8 27. Nc5
Nb5 28. Be1 e5 29. a4 Nc7 30. Nb7 Rf8 31. dxe5 fxe5 32. Na5 Nd5 33. Nc6 e4 34.
b5 Bf6 35. Rab1 Rc7 36. Ba5 Rcf7 37. Rd1 Nc3 38. Bxc3 Bxc3 39. Rb3 Bf6 40. bxa6
Rc8 41. Rb8 Rxb8 42. Nxb8 Rc7 43. g3 Rc4 44. Nd7 Bb2 45. Rb1 Rc2 46. Nc5 Be5
47. Nxe4 Rc4 48. Ng5 Rxa4 49. f4 Bd6 50. Rc1 Kf8 51. Rc8+ Ke7 52. Rg8 Kf6 53.
Nxh7+ Kf5 54. Rxg7 Ra2 55. h4 Ke4 56. Ng5+ Kf5 57. g4+ Kxg4 58. Ne4+ Kh3 59.
Nxd6 Rxa6 60. Kf2 1-0

[Event "I. CLANSKA LIGA ZAHOD 2025"]
[Site "Komenda"]
[Date "2025.10.12"]
[Round "6.1"]
[White "Krupenko, Peter"]
[Black "Jovanovic, Zoran"]
[Result "0-1"]
[WhiteElo "1968"]
[BlackElo "2500"]
[PlyCount "52"]
[EventDate "2025.09.26"]
[WhiteTeam "SK TRZIN"]
[BlackTeam "SD POSOCJE"]

1. c4 g6 2. Nf3 Bg7 3. g3 c5 4. Bg2 Nc6 5. O-O d6 6. Nc3 Bf5 7. d3 Qd7 8. Bd2
Bh3 9. a3 Bxg2 10. Kxg2 e6 11. Rb1 Nge7 12. b4 O-O 13. e3 Rac8 14. Ne2 Rfd8 15.
b5 Ne5 16. Qc2 Nxf3 17. Kxf3 d5 18. Bc3 e5 19. e4 d4 20. Be1 Qh3 21. Ng1 Qxh2
22. Ke2 f5 23. Nf3 Qh5 24. Rh1 Qxh1 25. Ba5 Qh5 26. Bxd8 Rxd8 0-1

[Event "I. CLANSKA LIGA ZAHOD 2025"]
[Site "Komenda"]
[Date "2025.10.12"]
[Round "6.1"]
[White "Srebrnic, Marko"]
[Black "Jakob, Matthias"]
[Result "1-0"]
[WhiteElo "2331"]
[BlackElo "1996"]
[PlyCount "67"]
[EventDate "2025.09.26"]
[WhiteTeam "SD POSOCJE"]
[BlackTeam "SK TRZIN"]

1. e4 e6 2. d4 d5 3. Nc3 Bb4 4. e5 c5 5. a3 Bxc3+ 6. bxc3 Ne7 7. Nf3 b6 8. a4
Ba6 9. Bd3 h6 10. O-O Qc7 11. Ba3 Bxd3 12. cxd3 Nd7 13. c4 O-O 14. Re1 Rfd8 15.
Rc1 Rac8 16. dxc5 bxc5 17. d4 Qa5 18. h3 dxc4 19. Rxc4 Nd5 20. dxc5 N7b6 21.
Rd4 Nd7 22. Qc2 Rc6 23. Rb1 Rb8 24. Rb5 Qc7 25. Qe2 a6 26. Rb2 Qa5 27. Rc4 Qc7
28. Nd4 Nxe5 29. Rcc2 Nf4 30. Qe4 Nfd3 31. Nxc6 f5 32. Qd4 Qxc6 33. Rb6 Qa8 34.
c6 1-0

[Event "I. CLANSKA LIGA ZAHOD 2025"]
[Site "Komenda"]
[Date "2025.10.12"]
[Round "6.1"]
[White "Suhadolnik, Jernej"]
[Black "Biti, Ozren"]
[Result "0-1"]
[WhiteElo "1887"]
[BlackElo "2270"]
[PlyCount "64"]
[EventDate "2025.09.26"]
[WhiteTeam "SK TRZIN"]
[BlackTeam "SD POSOCJE"]

1. b4 e5 2. Bb2 Bxb4 3. Bxe5 Nf6 4. Nf3 O-O 5. c4 d5 6. cxd5 Nxd5 7. a3 Ba5 8.
e3 c5 9. Be2 Nc6 10. Bb2 Bf5 11. g4 Be4 12. Kf1 Qe7 13. d3 Rad8 14. dxe4 Nxe3+
15. fxe3 Rxd1+ 16. Bxd1 Qxe4 17. Kf2 Re8 18. Rf1 Qxe3+ 19. Kg2 Rd8 20. Bc2 Nd4
21. Nxd4 cxd4 22. Bc1 Qe2+ 23. Rf2 Qxg4+ 24. Kh1 d3 25. Bb3 Qe4+ 26. Rg2 Rd6
27. Nd2 Qc6 28. Bb2 Rg6 29. Rag1 Bxd2 30. Ba4 Qxa4 31. Rxd2 Qe4+ 32. Rdg2 d2
0-1

[Event "I. CLANSKA LIGA ZAHOD 2025"]
[Site "Komenda"]
[Date "2025.10.12"]
[Round "6.1"]
[White "Beletic, Danijel"]
[Black "Porenta, Matija"]
[Result "1-0"]
[WhiteElo "2269"]
[BlackElo "1831"]
[PlyCount "45"]
[EventDate "2025.09.26"]
[WhiteTeam "SD POSOCJE"]
[BlackTeam "SK TRZIN"]

1. d4 d6 2. Nf3 g6 3. h3 Bg7 4. Nc3 Nf6 5. e4 O-O 6. Be3 Nc6 7. Bb5 Bd7 8. e5
Ne8 9. Bf4 a6 10. Bc4 e6 11. O-O d5 12. Bd3 f5 13. Qd2 Qe7 14. Ne2 Nb4 15. Bg5
Bf6 16. exf6 Nxf6 17. Rfe1 Nxd3 18. cxd3 Qd6 19. Rac1 c6 20. Ne5 Nh5 21. Nf4
Nxf4 22. Qxf4 Rfe8 23. Nxg6 1-0

[Event "I. CLANSKA LIGA ZAHOD 2025"]
[Site "Komenda"]
[Date "2025.10.12"]
[Round "6.1"]
[White "Offermann, Sebastian"]
[Black "Hozjan, Erik"]
[Result "0-1"]
[WhiteElo "1820"]
[BlackElo "1930"]
[PlyCount "96"]
[EventDate "2025.09.26"]
[WhiteTeam "SK TRZIN"]
[BlackTeam "SD POSOCJE"]

1. d4 f5 2. c4 Nf6 3. Nc3 e6 4. Nf3 Bb4 5. Bd2 O-O 6. e3 d6 7. Be2 Nbd7 8. Qb3
Bxc3 9. Bxc3 Ne4 10. O-O Ndf6 11. Nd2 b6 12. f3 Nxc3 13. Qxc3 Bb7 14. Rad1 Qe7
15. Rfe1 e5 16. d5 Nd7 17. Nf1 a5 18. b3 Rf6 19. Rd2 Rg6 20. Bd1 Qh4 21. Rde2
Nc5 22. Bc2 e4 23. fxe4 fxe4 24. Ng3 Rh6 25. Nf1 Rf8 26. h3 Bc8 27. Nh2 Qg3 28.
Kh1 Rhf6 29. Rg1 Rf2 30. Rxf2 Rxf2 31. Nf1 Qh4 32. Nd2 Qg3 33. Nf1 Qg6 34. Bb1
Qf7 35. Nh2 h5 36. a3 Qf6 37. Qxf6 gxf6 38. Rf1 Rb2 39. b4 axb4 40. axb4 Rxb4
41. Rc1 Ba6 42. Ba2 Nd3 43. Rf1 Rb2 44. Ra1 f5 45. Nf1 h4 46. Kg1 Nb4 47. Rb1
Rxb1 48. Bxb1 Bxc4 0-1

[Event "I. CLANSKA LIGA ZAHOD 2025"]
[Site "Komenda"]
[Date "2025.10.12"]
[Round "6.2"]
[White "Stevanic, David"]
[Black "Lucovnik, Tilen"]
[Result "1-0"]
[WhiteElo "2311"]
[BlackElo "2154"]
[PlyCount "89"]
[EventDate "2025.09.26"]
[WhiteTeam "SK KOCEVJE"]
[BlackTeam "SK KOMENDA"]

1. e4 d6 2. g3 c5 3. Bg2 Nc6 4. Ne2 Nf6 5. Nbc3 g6 6. O-O Bg7 7. d3 O-O 8. f4
Bd7 9. h3 a6 10. a4 Nd4 11. Be3 e5 12. f5 h6 13. g4 g5 14. Nd5 Nxe2+ 15. Qxe2
Nxd5 16. exd5 Bf6 17. a5 b6 18. b4 Qc8 19. axb6 cxb4 20. Ra5 Bb5 21. Rb1 e4 22.
Bxe4 Re8 23. Qf2 Bc3 24. Rb3 Rb8 25. f6 Kf8 26. Kg2 Qd7 27. Bd4 Rec8 28. Bxc3
Rxc3 29. Rxc3 bxc3 30. Ra3 Qd8 31. Rxc3 Rxb6 32. Rb3 Rb8 33. Qf5 Rc8 34. c4 Bd7
35. Qf2 Rb8 36. Ra3 a5 37. Ra1 a4 38. h4 Qb6 39. hxg5 Qxf2+ 40. Kxf2 hxg5 41.
Rh1 Kg8 42. Bh7+ Kf8 43. Bf5 Kg8 44. Bxd7 Rb2+ 45. Ke3 1-0

[Event "I. CLANSKA LIGA ZAHOD 2025"]
[Site "Komenda"]
[Date "2025.10.12"]
[Round "6.2"]
[White "Zidar, Jernej"]
[Black "Acimovic, Vasja"]
[Result "*"]
[WhiteElo "2036"]
[BlackElo "2285"]
[PlyCount "72"]
[EventDate "2025.09.26"]
[WhiteTeam "SK KOMENDA"]
[BlackTeam "SK KOCEVJE"]

1. d4 Nf6 2. c4 g6 3. Nc3 Bg7 4. Nf3 O-O 5. g3 d6 6. Bg2 Nc6 7. O-O a6 8. h3
Rb8 9. a4 Na5 10. Nd2 c5 11. d5 e6 12. e4 exd5 13. cxd5 b5 14. axb5 axb5 15.
Nb3 Nxb3 16. Qxb3 b4 17. Nb1 Re8 18. Nd2 Bb7 19. g4 h6 20. f4 Ra8 21. Rxa8 Qxa8
22. g5 hxg5 23. fxg5 Nh5 24. Nc4 Ba6 25. Rd1 Bb5 26. Nxd6 Be2 27. Re1 Bd4+ 28.
Be3 c4 29. Nxc4 Bxc4 30. Qxc4 Bxe3+ 31. Rxe3 Qa7 32. Qe2 Qc7 33. Qf2 Rc8 34.
Re1 Qe5 35. h4 b3 36. d6 Rc2 *

[Event "I. CLANSKA LIGA ZAHOD 2025"]
[Site "Komenda"]
[Date "2025.10.12"]
[Round "6.2"]
[White "Zuzek, Bor"]
[Black "Juhant, Igor"]
[Result "1/2-1/2"]
[WhiteElo "2073"]
[BlackElo "1972"]
[PlyCount "66"]
[EventDate "2025.09.26"]
[WhiteTeam "SK KOCEVJE"]
[BlackTeam "SK KOMENDA"]

1. d4 Nf6 2. Nc3 d5 3. Bf4 Bf5 4. e3 e6 5. Nf3 Bd6 6. Ne5 O-O 7. g4 Bg6 8. h4
h5 9. Bg5 Nbd7 10. Nxg6 fxg6 11. gxh5 gxh5 12. Qd3 Qe8 13. f4 c5 14. O-O-O c4
15. Qe2 Bb4 16. Bg2 Bxc3 17. bxc3 Nb6 18. e4 Qa4 19. e5 Qa3+ 20. Kd2 Na4 21.
Rh3 Ng4 22. Rg3 b5 23. Rb1 Rab8 24. Bh3 Qxa2 25. Bxg4 hxg4 26. Qxg4 Nxc3 27.
Rxc3 Qxb1 28. Rg3 c3+ 29. Rxc3 Qb4 30. Qxe6+ Kh8 31. Kd3 Qb1 32. Kd2 Qb4 33.
Kd3 Qb1 1/2-1/2

[Event "I. CLANSKA LIGA ZAHOD 2025"]
[Site "Komenda"]
[Date "2025.10.12"]
[Round "6.2"]
[White "Babarovic, Fran"]
[Black "Acimovic, Dejan"]
[Result "1-0"]
[WhiteElo "1901"]
[BlackElo "1923"]
[PlyCount "109"]
[EventDate "2025.09.26"]
[WhiteTeam "SK KOMENDA"]
[BlackTeam "SK KOCEVJE"]

1. e4 d6 2. d4 Nf6 3. Nc3 e5 4. dxe5 dxe5 5. Qxd8+ Kxd8 6. Bg5 Be6 7. O-O-O+
Nbd7 8. Nf3 Kc8 9. Bh4 Bb4 10. Nd5 Nxd5 11. exd5 Bg4 12. c3 Bd6 13. Re1 Bh5 14.
Bg3 f6 15. Nd2 Bf7 16. c4 f5 17. f3 c6 18. dxc6 bxc6 19. Bf2 Re8 20. Nb3 a5 21.
g3 a4 22. Nd2 Kc7 23. Bd3 g6 24. g4 Bc5 25. Bg3 f4 26. Bh4 Be3 27. Kc2 Rab8 28.
Ne4 Rb4 29. Rxe3 fxe3 30. Be1 Rb7 31. Ba5+ Kb8 32. Nd6 Nc5 33. Nxb7 Kxb7 34.
Re1 Nxd3 35. Kxd3 Ka6 36. Bc7 Re7 37. Bd6 Rd7 38. c5 Bxa2 39. Rxe3 Kb5 40. Rxe5
Bb1+ 41. Kc3 Rf7 42. Re3 Ba2 43. f4 Bb3 44. Re8 Bd5 45. Rb8+ Ka6 46. Rb6+ Ka7
47. Kb4 Rb7 48. Rxb7+ Kxb7 49. Kxa4 Bf3 50. g5 Ka6 51. Kb4 Kb7 52. Kc4 Kc8 53.
Kd4 Kd7 54. Ke5 Ke8 55. Kf6 1-0

[Event "I. CLANSKA LIGA ZAHOD 2025"]
[Site "Komenda"]
[Date "2025.10.12"]
[Round "6.2"]
[White "Mihic, Peter"]
[Black "Perme, Martin"]
[Result "1-0"]
[WhiteElo "1814"]
[BlackElo "1836"]
[PlyCount "89"]
[EventDate "2025.09.26"]
[WhiteTeam "SK KOCEVJE"]
[BlackTeam "SK KOMENDA"]

1. d4 Nf6 2. Nc3 d5 3. Bf4 c5 4. e4 cxd4 5. Qxd4 Nc6 6. Bb5 a6 7. Bxc6+ bxc6 8.
e5 Nd7 9. e6 fxe6 10. Nf3 Qb6 11. Qxb6 Nxb6 12. O-O-O g6 13. Be5 Bh6+ 14. Kb1
Rf8 15. Bd4 Nd7 16. Na4 e5 17. Nxe5 Nxe5 18. Bxe5 Bd7 19. Bg3 Bf4 20. Nb6 Ra7
21. f3 Bxg3 22. hxg3 h5 23. Nxd7 Rxd7 24. Rhe1 Kf7 25. Re5 Rh8 26. Rde1 Rb7 27.
Re6 Rc7 28. c4 dxc4 29. R6e3 Rd8 30. Kc2 Rd4 31. Kc3 Rcd7 32. Rxe7+ Rxe7 33.
Rxe7+ Kxe7 34. Kxd4 c3 35. Kxc3 Kd6 36. Kb4 Kc7 37. Ka5 Kb7 38. b4 Ka7 39. a4
Kb7 40. f4 Ka7 41. b5 axb5 42. axb5 c5 43. b6+ Kb7 44. Kb5 c4 45. Kxc4 1-0

[Event "I. CLANSKA LIGA ZAHOD 2025"]
[Site "Komenda"]
[Date "2025.10.12"]
[Round "6.2"]
[White "Hribar, Izak"]
[Black "Hlebec, Jure"]
[Result "0-1"]
[WhiteElo "1706"]
[BlackElo "1737"]
[PlyCount "70"]
[EventDate "2025.09.26"]
[WhiteTeam "SK KOMENDA"]
[BlackTeam "SK KOCEVJE"]

1. e4 e6 2. d4 d5 3. exd5 exd5 4. Bd3 Nc6 5. c3 Bd6 6. Nf3 Nge7 7. O-O Bf5 8.
Bxf5 Nxf5 9. Re1+ Nce7 10. Qd3 Qd7 11. Ne5 Bxe5 12. Rxe5 O-O-O 13. Nd2 f6 14.
Re1 g5 15. Qe2 h5 16. Qe6 Rdf8 17. Qxd7+ Kxd7 18. b3 Ng6 19. Ba3 Re8 20. g3 g4
21. Kf1 h4 22. Rxe8 Kxe8 23. Re1+ Kd7 24. Kg2 c6 25. Nf1 hxg3 26. hxg3 Rh3 27.
Ne3 Nxe3+ 28. Rxe3 f5 29. f3 f4 30. gxf4 Nxf4+ 31. Kg1 g3 32. Bc1 g2 33. Kf2
Rh1 34. Re7+ Kxe7 35. Bxf4 g1=Q+ 0-1

[Event "I. CLANSKA LIGA ZAHOD 2025"]
[Site "Komenda"]
[Date "2025.10.12"]
[Round "6.3"]
[White "Praznik, Niko"]
[Black "Rusjan, Miran"]
[Result "1-0"]
[WhiteElo "2297"]
[BlackElo "2260"]
[PlyCount "97"]
[EventDate "2025.09.26"]
[WhiteTeam "SD VRHNIKA"]
[BlackTeam "SK NOVA GORICA"]

1. e4 c5 2. d3 Nc6 3. f4 e6 4. Nf3 d5 5. Nbd2 d4 6. g3 Nf6 7. a4 Be7 8. Bg2 a6
9. Nc4 Na5 10. Nfe5 Nxc4 11. Nxc4 b6 12. O-O Bb7 13. Bd2 Nd7 14. e5 Bxg2 15.
Kxg2 Qc7 16. Qf3 Rc8 17. Qe4 Qc6 18. Kf3 h5 19. Qxc6 Rxc6 20. Ke4 f5+ 21. exf6
gxf6 22. f5 Kf7 23. Bf4 Rg8 24. fxe6+ Rxe6+ 25. Kf3 b5 26. axb5 axb5 27. Na3
Rb6 28. Nb1 Rb7 29. Nd2 Nb6 30. Ne4 Nd5 31. Ra6 Nb4 32. Rxf6+ Bxf6 33. Nd6+ Ke6
34. Nxb7 Kd5 35. Ra1 Be7 36. Re1 Bf6 37. Bd2 Nxc2 38. Rc1 Rg7 39. Nxc5 Kxc5 40.
Rxc2+ Kd5 41. Bb4 Be7 42. Rc7 Bf8 43. Rxg7 Bxg7 44. Kf4 h4 45. gxh4 Be5+ 46.
Kf5 Bxh2 47. h5 Be5 48. h6 Bh8 49. Bf8 1-0

[Event "I. CLANSKA LIGA ZAHOD 2025"]
[Site "Komenda"]
[Date "2025.10.12"]
[Round "6.3"]
[White "Zamar Kodelja, Jurij"]
[Black "Justin, Matjaz"]
[Result "1-0"]
[WhiteElo "2232"]
[BlackElo "2210"]
[PlyCount "99"]
[EventDate "2025.09.26"]
[WhiteTeam "SK NOVA GORICA"]
[BlackTeam "SD VRHNIKA"]

1. Nf3 c5 2. g3 b6 3. e4 Bb7 4. d3 g6 5. Bg2 Bg7 6. O-O e5 7. c3 Nc6 8. a3 Nge7
9. b4 O-O 10. Nbd2 d5 11. Re1 dxe4 12. dxe4 cxb4 13. axb4 a5 14. b5 Na7 15. Qb3
Qc7 16. Ba3 Bc8 17. Bf1 Be6 18. Bc4 Bxc4 19. Nxc4 Rad8 20. Rad1 Nac8 21. Kg2 h6
22. h4 Rfe8 23. h5 g5 24. Ne3 Qb7 25. Qc4 Qb8 26. Ng1 Nd6 27. Qa4 Nec8 28. Ne2
Bf8 29. Nd5 Kg7 30. g4 Nb7 31. Ng3 Re6 32. Nf5+ Kh7 33. Nde3 Ree8 34. Qc4 Kg8
35. Bxf8 Kxf8 36. Nxh6 Ncd6 37. Qa2 Re6 38. Nef5 Nc5 39. Qd2 f6 40. Qd5 Rd7 41.
Nxd6 Rdxd6 42. Qc4 Qd8 43. Rd5 Rxd5 44. exd5 Rd6 45. Rd1 Ne6 46. dxe6 Rxd1 47.
Nf5 Qd5+ 48. Qxd5 Rxd5 49. h6 a4 50. h7 1-0

[Event "I. CLANSKA LIGA ZAHOD 2025"]
[Site "Komenda"]
[Date "2025.10.12"]
[Round "6.3"]
[White "Zagorsek, Nejc"]
[Black "Zlindra, Aljaz"]
[Result "0-1"]
[WhiteElo "1851"]
[BlackElo "1995"]
[PlyCount "52"]
[EventDate "2025.09.26"]
[WhiteTeam "SK NOVA GORICA"]
[BlackTeam "SD VRHNIKA"]

1. Nf3 f5 2. c4 Nf6 3. d4 g6 4. g3 Bg7 5. Bg2 O-O 6. O-O d6 7. Nc3 c6 8. d5 e5
9. dxe6 Bxe6 10. b3 Na6 11. Bb2 Qe7 12. Re1 Ne4 13. Nd4 Bd7 14. e3 Rae8 15. a3
Nc7 16. Qc2 c5 17. Nde2 Bc6 18. Nf4 Nxc3 19. Bxc3 Bxg2 20. Kxg2 Bxc3 21. Qxc3
g5 22. Nd3 Rf6 23. Rad1 Rh6 24. Nc1 Qe4+ 25. Kg1 Rxh2 26. Kxh2 Re6 0-1

[Event "I. CLANSKA LIGA ZAHOD 2025"]
[Site "Komenda"]
[Date "2025.10.12"]
[Round "6.3"]
[White "Vicic, Maks"]
[Black "Sever, Gasper"]
[Result "0-1"]
[WhiteElo "1640"]
[BlackElo "1856"]
[PlyCount "58"]
[EventDate "2025.09.26"]
[WhiteTeam "SK NOVA GORICA"]
[BlackTeam "SD VRHNIKA"]

1. e4 e5 2. Nc3 Nf6 3. f4 d5 4. exd5 Nxd5 5. Nxd5 Qxd5 6. Qe2 Nc6 7. fxe5 Nd4
8. Qc4 Qxc4 9. Bxc4 Nxc2+ 10. Kd1 Nxa1 11. Bd3 Bg4+ 12. Nf3 O-O-O 13. Bb1 Bc5
14. h3 Bh5 15. Bf5+ Kb8 16. g4 Bg6 17. b3 h5 18. Ng5 hxg4 19. Bxg4 Nc2 20. Nxf7
Ne3+ 21. Ke2 Bd3+ 22. Ke1 Nxg4 23. Nxd8 Bf2+ 24. Kd1 Bg3 25. Rg1 Nf2+ 26. Ke1
Ne4+ 27. Rxg3 Nxg3 28. Nf7 Rxh3 29. Ba3 Ne4 0-1

[Event "I. CLANSKA LIGA ZAHOD 2025"]
[Site "Komenda"]
[Date "2025.10.12"]
[Round "6.4"]
[White "Luzar, Emil"]
[Black "Plaskan, Jure"]
[Result "1-0"]
[WhiteElo "2111"]
[BlackElo "2215"]
[PlyCount "43"]
[EventDate "2025.09.26"]
[WhiteTeam "SK DOLENJSKE TOPLICE"]
[BlackTeam "SD DOMZALE"]

1. e4 c5 2. Nc3 a6 3. a4 Nc6 4. f4 g6 5. Nf3 Bg7 6. Bc4 e6 7. f5 gxf5 8. d3 Ne5
9. O-O fxe4 10. Nxe5 Bxe5 11. Qh5 Bd4+ 12. Kh1 Nf6 13. Qh4 d5 14. Bg5 Rg8 15.
Bxf6 Bxf6 16. Rxf6 dxc4 17. Nxe4 Qc7 18. Qxh7 Rf8 19. Raf1 Bd7 20. Rxf7 O-O-O
21. Kg1 cxd3 22. cxd3 1-0

[Event "I. CLANSKA LIGA ZAHOD 2025"]
[Site "Komenda"]
[Date "2025.10.12"]
[Round "6.4"]
[White "Keber, Aljosa"]
[Black "Stubljar, Andrej"]
[Result "1-0"]
[WhiteElo "2102"]
[BlackElo "1995"]
[PlyCount "81"]
[EventDate "2025.09.26"]
[WhiteTeam "SD DOMZALE"]
[BlackTeam "SK DOLENJSKE TOPLICE"]

1. e4 e6 2. d4 d5 3. e5 Bd7 4. Nf3 c5 5. c3 Nc6 6. Be2 Nge7 7. O-O Ng6 8. a3 b5
9. b4 c4 10. Be3 Be7 11. Nbd2 O-O 12. Ne1 f6 13. f4 a5 14. Nef3 Qb6 15. exf6
gxf6 16. f5 exf5 17. Bh6 Rf7 18. Qc2 Bd6 19. Kh1 Re7 20. Ng1 Rae8 21. Bf3 Be6
22. Rae1 Bf7 23. Re2 Nh4 24. g3 Nxf3 25. Ndxf3 Re4 26. Nh4 Ne7 27. Ref2 Bg6 28.
Nh3 Rxh4 29. gxh4 f4 30. Rg2 Kf7 31. Rxg6 hxg6 32. h5 Rh8 33. hxg6+ Nxg6 34.
Ng5+ fxg5 35. Qf5+ Ke7 36. Bxg5+ Ke8 37. Qxg6+ Kf8 38. Re1 Qb8 39. Bh6+ Rxh6
40. Qxh6+ Kf7 41. Qe6+ 1-0

[Event "I. CLANSKA LIGA ZAHOD 2025"]
[Site "Komenda"]
[Date "2025.10.12"]
[Round "6.4"]
[White "Pucelj, Joze"]
[Black "Debevec, Blaz"]
[Result "0-1"]
[WhiteElo "1969"]
[BlackElo "2133"]
[PlyCount "98"]
[EventDate "2025.09.26"]
[WhiteTeam "SK DOLENJSKE TOPLICE"]
[BlackTeam "SD DOMZALE"]

1. Nf3 Nf6 2. g3 g6 3. Bg2 Bg7 4. O-O O-O 5. d3 d6 6. e4 e5 7. c4 Qe8 8. Nc3 a5
9. h3 Na6 10. Be3 Nh5 11. Qd2 f5 12. Bh6 f4 13. Bxg7 Nxg7 14. g4 Ne6 15. Ne1
Nd4 16. f3 h5 17. Nc2 Nxc2 18. Qxc2 Nb4 19. Qd2 c5 20. a3 Nc6 21. Nd5 Qd8 22.
b4 Be6 23. bxc5 Bxd5 24. cxd5 Nd4 25. Rab1 Rf7 26. Rb6 dxc5 27. Rxg6+ Rg7 28.
gxh5 Rxg6 29. hxg6 Ra6 30. Qa2 Rd6 31. Kh1 Kg7 32. Qc4 b6 33. Qa6 Rxg6 34. Qc4
Qg5 35. Qa2 Qh4 36. Rf2 Kf8 37. a4 Ke7 38. Kh2 Qg3+ 39. Kh1 Rh6 40. d6+ Rxd6
41. Rf1 Ne6 42. Qb2 Nd4 43. Qa2 Rh6 44. Rf2 c4 45. dxc4 Rxh3+ 46. Kg1 Nxf3+ 47.
Rxf3 Qh2+ 48. Kf2 Rxf3+ 49. Kxf3 Qg3+ 0-1

[Event "I. CLANSKA LIGA ZAHOD 2025"]
[Site "Komenda"]
[Date "2025.10.12"]
[Round "6.4"]
[White "Markosek, Bine"]
[Black "Voglar, Peter"]
[Result "0-1"]
[WhiteElo "2020"]
[BlackElo "1954"]
[PlyCount "116"]
[EventDate "2025.09.26"]
[WhiteTeam "SD DOMZALE"]
[BlackTeam "SK DOLENJSKE TOPLICE"]

1. e4 c6 2. d4 d5 3. exd5 cxd5 4. Bd3 Nc6 5. c3 g6 6. Bf4 Bg7 7. Nd2 Nf6 8.
Ngf3 O-O 9. O-O a6 10. Re1 Re8 11. Ne5 Nh5 12. Nxc6 bxc6 13. Be3 e5 14. dxe5
Bxe5 15. Qa4 Bd7 16. Nf3 Bd6 17. Bg5 Rxe1+ 18. Rxe1 f6 19. Bh6 Bf8 20. Bxf8
Qxf8 21. Qd4 Qd6 22. c4 Kf7 23. cxd5 cxd5 24. Nd2 Bb5 25. Nc4 Qc6 26. Na5 Qd7
27. Rd1 Rd8 28. Nb3 Ng7 29. Nc5 Ne6 30. Nxe6 Qxe6 31. Bxb5 axb5 32. h4 Rd7 33.
h5 Qc6 34. Qf4 Qc2 35. Rc1 Qe4 36. Qh6 g5 37. Rc8 Qe1+ 38. Kh2 Qxf2 39. Qxh7+
Ke6 40. Rc6+ Rd6 41. Qg8+ Kf5 42. Qc8+ Kf4 43. Rc3 g4 44. Qb8 Ke5 45. Qe8+ Re6
46. Qxb5 f5 47. Qb8+ Rd6 48. Qe8+ Re6 49. Qd8 Kf4 50. Rb3 Qe1 51. Qb8+ Kg5 52.
Qg3 f4 53. Qxe1 Rxe1 54. a4 g3+ 55. Rxg3+ fxg3+ 56. Kxg3 Rb1 57. Kf3 Rxb2 58.
Ke3 Rb4 0-1

[Event "I. CLANSKA LIGA ZAHOD 2025"]
[Site "Komenda"]
[Date "2025.10.12"]
[Round "6.4"]
[White "Nemanic, Tim"]
[Black "Zmaucar, Miha"]
[Result "0-1"]
[WhiteElo "1557"]
[BlackElo "1973"]
[PlyCount "92"]
[EventDate "2025.09.26"]
[WhiteTeam "SK DOLENJSKE TOPLICE"]
[BlackTeam "SD DOMZALE"]

1. e4 d5 2. exd5 Nf6 3. Nc3 Nxd5 4. Nxd5 Qxd5 5. Nf3 Bg4 6. Be2 Nc6 7. h3 Bh5
8. O-O O-O-O 9. d3 e5 10. Be3 Kb8 11. Nd2 Bxe2 12. Qxe2 Be7 13. a3 f5 14. f3
Bh4 15. Nb3 Rhe8 16. Rad1 Nd4 17. Bxd4 exd4 18. Qd2 b6 19. Kh1 Re3 20. Qc1 Rde8
21. Nd2 Re2 22. c3 Qc6 23. Nb3 Qg6 24. Rg1 dxc3 25. bxc3 Bf2 26. Nd4 Bxd4 27.
cxd4 Qg3 28. Rd2 Re1 29. Rd1 R1e3 30. Qc3 Rxf3 31. Rde1 Rfe3 32. Rd1 f4 33. Qc2
Re2 34. Qc6 R8e3 35. Qd7 a6 36. Rc1 f3 37. Qd8+ Kb7 38. Qd5+ Ka7 39. Rxc7+ Qxc7
40. g3 Qb7 41. Qxb7+ Kxb7 42. Rf1 Rxd3 43. Kg1 Rxd4 44. Rxf3 Rd1+ 45. Rf1 Rxf1+
46. Kxf1 Ra2 0-1